000 00694nam a22002297a 4500
003 UA-OsUOA
001 29657
007 ta
008 20041020b un ||||| |||| 00| 0 ukr d
090 _a82.94
_bЛ51
942 _cBK
040 _aUA-OsUOA
_bukr
_cUA-OsUOA
_dUA-OsUOA
245 _aЛеся Українка
_bПублікації. Статті. Дослідження
_cУпор. О. Ф.СтавицькийРед. П. М.ФедченкоРец. В. Л.Микитась В. Ф.Святовець
300 _a294 с.
955 _a0
041 _aukr
080 _a82.94
260 _aКиїв
_bНаукова думка
_c1984
044 _aUA
650 7 _2UDC
999 _c316052
_d316052